000 00763cab a2200253 4500
001 WB3219-29
008 090401t1996 xxu||||| |||| 00| 0 eng d
035 _a(Sirsi) u1708
041 _aeng
245 _aFund managers shift from UK equities
260 _c1996
350 _a0
490 _aFinancial Times
_v13 May 1996, 21(1)
520 _aUK fund managers intend to switch from UK equities into property and index-linked gilts, according to a poll conducted by Gallup.
650 _aPROPERTY-COMMERCIAL PROPERTY
650 _aEQUITIES
650 _aFUND MANAGEMENT
650 _aGILTS
650 _aINSTITUTIONAL INVESTMENT
650 _aPENSION FUNDS
690 _aPROPERTY-PROPERTY FINANCE AND INVESTMENT
942 _n0
948 _c04/03/1997
999 _c978
_d978